000 00505nam a22001457a 4500
082 _a004
100 _aAhmed, Kanwal
245 _cKanwal Ahmed
_aAnalyzing the Bias in Public Opinion and Media Reports for Events in Different Geographical Areas /
260 _aIslamabad :
_bMCS - NUST,
_c2017.
300 _a83 p. ;
_c30cm.
650 _aComputer Software Engineering-MS-Thesis
_916105
700 _aDr. Abdul Ghafoor
_916207
942 _2ddc
_cTHE
999 _c540819
_d540819